Statistics for Mobile Legends: Legendary skin

Click here to take the quiz!

General Stats

  • This quiz has been taken 65 times
    (59 since last reset)
  • The average score is 3 of 5

Answer Stats

CharactersSkins% Correct
AlucardObsidian Blade
79%
MiyaModena Butterfly
75%
GordConqueror
58%
SaberCodename - Storm
54%
LesleyAngelic agent
48%

Score Distribution

Percentile by Number Answered

Percent of People with Each Score

Your Score History

You have not taken this quiz since the last reset